000 00670nam a2200229Ia 4500
003 OSt
005 20220923230607.0
006 a|||||r|||| 00| 0
007 ta
008 220922b |||||||| |||| 00| 0 pan d
024 _a283,581
037 _cTextual
040 _aARTS
_cARTS
_bpan
041 _2pan
_apan
082 _aO153,3xN:g, L8
100 _aਅੰਮ੍ਰਿਤਾ ਪ੍ਰੀਤਮ
245 0 _aਆਪਣੇ ਆਪਣੇ ਚਾਰ ਵਰ੍ਹੇ
260 _c1978
650 _aਪੰਜਾਬੀ ਸਾਹਿਤ
942 _hO153,3xN:g, L8
_cTEXL
_2CC
999 _c385932
_d385932